000 00773nas a2200253 4500
001 BR2011005711
003 BR-BrBNA
005 20231205115651.0
007 ta
008 230509b bl.|||p| |||| 00| 00por d
040 _aBR-BrBNA
_bpor
_cBiblioteca Nacional de Agricultura
041 _a(Pt)
072 _aP06
100 1 _aSalla, D.A.
100 1 _aCabello, C.
245 1 _aAnálise energética de sistemas de produção de etanol de mandioca, cana-de-açúcar e milho
650 _aBIOMASSA
650 _aBIOCOMBUSTÍVEL
650 _aCARBOIDRATO
650 _aBALANÇO DE ENERGIA
773 0 _tEnergia na Agricultura (Brazil)
_xISSN 1808-8759
_g(2010), v. 25(2) p. 32-53
_wBR2011005711
909 _a202311
_bLúcia
_c55
_dLúcia Elande
942 _2AGRIS
_n0
_cANA
999 _c215137
_d215137